000 00675nam a22002537a 4500
003 UA-OsUOA
001 28456
007 ta
008 20050325b un ||||| |||| 00| 0 ukr d
100 _aМаксимович М.
090 _a94(477):82-312-6
_bМ17
942 _cBK
040 _aUA-OsUOA
_bukr
_cUA-OsUOA
_dUA-OsUOA
245 _aЛисти
_cУпор. і вст. ст. Короткого В.
300 _a312 с.
955 _a2
041 _aukr
080 _a94(477):82-312-6
020 _a966-060352-5
260 _aК.
_bЛибідь
_c2004
044 _aUA
650 7 _a9 Географія. Біографії. Історія
_2UDC
999 _c314823
_d314823